header

An introduction to distance measurement in astronomy (Record no. 127242)

MARC details
000 -LEADER
fixed length control field 01418nam a2200361 a 4500
082 04 - DEWEY DECIMAL CLASSIFICATION NUMBER
Classification number 522/.87
100 1# - MAIN ENTRY--AUTHOR NAME
Personal name De Grijs, Richard,
245 13 - TITLE STATEMENT
Title An introduction to distance measurement in astronomy
260 ## - PUBLICATION, DISTRIBUTION, ETC. (IMPRINT)
Place of publication Chichester, West Sussex ;
-- Hoboken, N.J. :
Name of publisher John Wiley & Sons,
Year of publication 2011.
300 ## - PHYSICAL DESCRIPTION
Number of Pages xii, 313 p. :
Other physical details ill. (some col.)
650 #0 - SUBJECT ADDED ENTRY--TOPICAL TERM
Topical Term Cosmological distances
Topical Term Astronomy
856 40 - ELECTRONIC LOCATION AND ACCESS
Uniform Resource Identifier http://site.ebrary.com/lib/rucke/Doc?id=10490620

No items available.

© 2026 Rongo University
Contact us: librarian | system librarian | Rongo university